Utwory Sławomira Mrożka - nagła śmierć - Statystyki

Ogólne statystyki
  • Ten quiz został rozwiązany 114 razy
  • Średni wynik to 4 z 9
Answers on the Grid
Answers color-coded by a green-red scale on the quiz's grid according to % correct below.
,,Tango"
,,Policja"
,,Indyk"
,,Karol"
,,Na pełnym morzu"
,,Emigranci"
,,Wdowy"
,,Ambasador"
,,Męczeństwo Piotra Oheya"
,,Grzechy dzieciństwa"
,,Wesele"
,,Pieśń społeczna"
,,Na zdrowie"
,,Oda do wolności"
,,Solaris"
 
Statystyki odpowiedzi
Odpowiedź % Poprawnych
,,Tango"
92%
,,Emigranci"
56%
,,Policja"
53%
,,Ambasador"
45%
,,Indyk"
42%
,,Wdowy"
42%
,,Męczeństwo Piotra Oheya"
39%
,,Na pełnym morzu"
30%
,,Karol"
27%
Nie znaleziono quizów pasujących do podanych kryteriów
Rozkład punktacji
Procent ludzi z każdym wynikiem
Percentyl według liczby udzielonych odpowiedzi
Twoja historia wyników
Nie rozwiązałeś tego quizu